Statistics for Nursery Rhymes #2

Click here to take the quiz!

General Stats

  • This quiz has been taken 13,832 times
    (13,755 since last reset)
  • The average score is 14 of 27

Answer Stats

Answer% Correct
Humpty Dumpty sat on a wall / Humpty Dumpty had a {great} {fall}
97%
Hey diddle diddle, the cat and the fiddle / The cow jumped {over} {the} {moon}
92%
Hickory dickory dock / the {mouse} ran up the clock
92%
Here's the church, and here's the steeple / Open the door and see all the {people}
89%
Little Bo peep has lost her {sheep} / and doesn't know where to find them.
88%
One two buckle my shoe / Three, four, knock at the {door}
85%
Pat a cake, pat a cake / {Baker}'{s} {man} / Bake me a cake as fast as you can
77%
London Bridge is falling down / Falling down, falling down / London Bridge is falling down /{My} {fair} {lady}
74%
Hot cross buns! / Hot cross buns! / One a {penny} two a {penny} / Hot cross buns
65%
Sing a song of sixpence a pocket full of rye / Four and twenty {blackbirds} baked in a pie
57%
Half a pound of tuppenny rice / Half a pound of treacle / That’s the way the money goes / Pop! {goes the weasel}
54%
What are little boys made of? / Snips and snails, and {puppy} {dogs} tails / That's what little boys are made of!
53%
Little Tommy Tucker sings for his {supper} / What shall we give him? / Brown bread and butter
51%
Three blind mice, three blind mice / See how they run, see how they run / They all ran after the {farmer}'{s} {wife}
50%
Old King Cole was a {merry} {old} {soul} / and a {merry} {old} {soul} was he
46%
Little Boy Blue come blow your horn / the sheep's in the {meadow} the cow's in the corn
44%
Peter Peter pumpkin eater / Had a wife and couldn't {keep} {her}!
44%
Mondays child is fair of face / Tuesdays child is {full} {of} {grace}
40%
There was a crooked man and he walked a {crooked} {mile} / He found a crooked sixpence upon a crooked stile.
39%
Pease pudding hot / Pease pudding cold / Pease pudding in the pot / {nine} {days} old.
37%
Simple Simon met a pieman going to the fair / Said Simple Simon to the pieman, "Let me taste {your} {ware}"
30%
Diddle, diddle, dumpling, {my} {son} {John} / Went to bed with his trousers on
24%
The Owl and the Pussycat went to sea In a beautiful {pea}-{green} {boat}
23%
Little Jack Horner sat in the corner / eating his {Christmas} {pie}
20%
“Oranges and lemons" say the Bells of St. Clement's / "You owe me {five} {farthings}" say the Bells of St. Martin's
17%
Who killed Cock Robin? / "I," said the Sparrow / "With my {bow} {and} {arrow}, I killed Cock Robin”
16%
Ding dong bell / Pussy's in the well / Who put her in? / Little Johnny Flynn /
Who pulled her out? / Little {Tommy} {Stout}
13%

Score Distribution

Percentile by Number Answered

Percent of People with Each Score

Your Score History

You have not taken this quiz since the last reset